El espanol en Chile : trabajos /

Uloženo v:
Podrobná bibliografie
Hlavní autor: Lenz, Rodolfo, 1863-1938
Další autoři: Bello, Andrés, 1781-1865, Oroz, Rodolfo, Alonso, Amado, Lida, Raimundo
Médium: Kniha
Jazyk:Spanish
Vydáno: Buenos Aires : Universidad de Buenos Aires, 1940.
Edice:Biblioteca de dialectología hispanoamericana ; t.6
Témata:
LEADER 01126nam a2200277 i 4500
001 c000240012
003 CARM
005 00000000000000.0
008 840305s1940 ag b 000 0 spa d
019 1 |a 26914122  |z 41554982  |5 LACONCORD2021 
035 |a (OCoLC)2064159  |5 LACONCORD2021 
082 0 4 |a 467.983 
100 1 |a Lenz, Rodolfo,  |d 1863-1938. 
245 1 3 |a El espanol en Chile :  |b trabajos /  |c de Rodolfo Lenz, Andres Bello y Rodolfo Oroz ; Traduccion, notas y apendices de Amada Alonso y Raimundo Lida. 
260 |a Buenos Aires :  |b Universidad de Buenos Aires,  |c 1940. 
300 |a 374p. 
440 0 |a Biblioteca de dialectología hispanoamericana ;  |v t.6 
504 |a Bibliography: p.[299]-324. 
650 0 |a Spanish language  |x Provincialisms  |z Chile. 
700 1 |a Bello, Andrés,  |d 1781-1865. 
700 1 |a Oroz, Rodolfo. 
700 1 |a Alonso, Amado. 
700 1 |a Lida, Raimundo. 
852 8 |b CARM  |h A1:AP11B0  |i B07289  |p 0372843  |f BK 
999 f f |i 6fbad266-45a4-53b8-a3e7-10efdac8621e  |s 2a195c8b-460b-592a-9248-49a19a090b6a 
952 f f |p Can circulate  |a CAVAL  |b CAVAL  |c CAVAL  |d CARM 1 Store  |e B07289  |f A1:AP11B0  |h Other scheme  |i book  |m 0372843